Vzťah akosti a designu strojov

Uložené v:
Podrobná bibliografia
Hlavný autor: Jarema, Jaroslav
Médium: Kniha
Jazyk:Slovak
Vydavateľské údaje: Žilina Dom techn. ČSVTS 1990
Vydanie:1. vyd.
Tagy: Pridať tag
Žiadne tagy, Buďte prvý, kto otaguje tento záznam!

MARC

LEADER 00000nam a2200000 4500
001 c039872
005 20221215071935.7
041 0 |a slo 
044 |a SK 
245 1 0 |a Vzťah akosti a designu strojov  |c Jaroslav Jarema 
250 |a 1. vyd. 
264 1 |a Žilina  |b Dom techn. ČSVTS  |c 1990 
300 |a 20 s. 
100 1 |a Jarema, Jaroslav